Indian Super League Teams by Logo - Statistics

General Stats
  • This quiz has been taken 65 times
  • The average score is 11 of 15
Answer Stats
Picture Hint Answer % Correct
2014-present FC Goa
85%
2014-present Kerala Blasters FC
83%
2014-present Mumbai City FC
81%
2017-present Bengaluru FC
79%
2020-present Mohun Bagan SG
79%
2019-present Hyderabad FC
77%
2020-present East Bengal FC
72%
2014-present Odisha FC
70%
2014-present NorthEast United FC
68%
2014-2020 Atletico de Kolkata
66%
2014-present Chennaiyin FC
66%
2017-present Jamshedpur FC
64%
2024-present Mohammedan SC
64%
2014-2019 FC Pune City
57%
2023-present Punjab FC
53%
No matching quizzes found
Score Distribution
Percent of People with Each Score
Percentile by Number Answered
Your Score History
You have not taken this quiz